000
00208nam a2200085Ia 4500
008
220214s9999 xx 000 0 und d
245
0
_a
Economic review
260
_b
State Planning Board
_a
Trivandrum
942
_c
BJ
999
_c
11380
_d
11380